000 02210nam a22002417a 4500
003 Uzh_bibl
008 260323b |||||||| |||| 00| 0 ukr d
020 _a978-617-7879-27-4
_c105.00
040 _bукр.
041 _2ukr
_aukr
080 _a821(477)
090 _a821(477)
_bШ 63
100 _aШирант,Наташа
245 _aМир/1.2.6.Економічна складова
_hТекст
260 _aХарків
_bВидавництво Іванченка
_c2020
300 _a280 с.
520 _aТеоретична частина дослідження авторки доповнена спогадами та роздумами українських воїнів, які погодилися надати відверті інтерв’ю. Це люди, життя яких назавжди змінилося. Змінилося через війну, на чолі якої – маска гібридності. Тому необхідно не лише фіксувати спогади очевидців нинішніх подій, а й створювати узагальнюючі аналітичні праці, які розкриватимуть більш глибинні процеси та даватимуть повний зріз окремих аспектів. Цими роздумами на зустрічі поділилися й герої книжки: підполовник ЗСУ, учасник бойових дій за Донецький аеропорт, командир 90-го окремого аеромобільно-десантного батальйону Віталій Анатолійович Баранов, боєць 90-го батальйону, фотограф Руслан Боровик, Олександр Кульга, який змушений був переїхати з Донецька, волонтер і доброволець Микола Мельник.
521 _aДля широкого кола читачів
546 _aукр.
650 _aЛітературно-художне видання
653 _aВійна
_aДослідження
_aТеорія війни
942 _2udc
_cBK
999 _c17158
_d17158